[Event "Titled Tuesday intern op 12th Sep Early"]
[Site "Chess.com INT"]
[Date "2023.09.12"]
[Round "7"]
[White "Herman, Matthew J"]
[Black "Schulze, Ulrich"]
[Result "1-0"]
[WhiteElo "2383"]
[BlackElo "2308"]
[PlyCount "95"]
[EventDate "2023.09.12"]
[EventType "swiss (blitz)"]
[EventRounds "11"]
[EventCountry "USA"]
[SourceTitle "EXT 2024"]
[Source "ChessBase"]
[SourceDate "2023.10.10"]
[SourceVersion "1"]
[SourceVersionDate "2023.10.10"]
[SourceQuality "1"]

1. e4 Nf6 2. e5 Nd5 3. d4 d6 4. c4 Nb6 5. f4 dxe5 6. fxe5 Bf5 7. Be3 e6 8. Nc3 Bb4 9. Be2 c5 10. dxc5 N6d7 11. Nf3 0-0 12. 0-0 Bxc5 13. Bxc5 Nxc5 14. Nd4 Bd3 15. Ndb5 Nc6 16. Rf3 Nxe5 17. Re3 Bxe2 18. Qxe2 Ng6 19. Rd1 Qg5 20. b4 Na6 21. Ne4 Qe7 22. a3 b6 23. Ned6 Rad8 24. Red3 Nf4 25. Qe5 Nxd3 26. Rxd3 Rd7 27. Rh3 Rfd8 28. Qh5 h6 29. c5 bxc5 30. bxc5 Nxc5 31. Qxc5 Rxd6 32. Nxd6 Qxd6 33. Qxd6 Rxd6 34. Rb3 Ra6 35. Kf2 Ra4 36. Ke3 g5 37. Kd3 Kg7 38. Kc3 Kg6 39. Kb2 f5 40. Rb8 e5 41. Rg8+ Kh5 42. Re8 e4 43. Kb3 Rd4 44. a4 Rd7 45. Kb4 Kg4 46. Re6 h5 47. Kb5 Kf4 48. Kc6 1-0

[Event "Titled Tuesday intern op 29th Aug Early"]
[Site "Chess.com INT"]
[Date "2023.08.29"]
[Round "4"]
[White "Cattaneo, Marco"]
[Black "Schulze, Ulrich"]
[Result "1-0"]
[WhiteElo "2264"]
[BlackElo "2308"]
[PlyCount "53"]
[EventDate "2023.08.29"]
[EventType "swiss (blitz)"]
[EventRounds "11"]
[EventCountry "USA"]
[SourceTitle "EXT 2024"]
[Source "ChessBase"]
[SourceDate "2023.10.10"]
[SourceVersion "1"]
[SourceVersionDate "2023.10.10"]
[SourceQuality "1"]

1. d4 Nf6 2. c3 g6 3. Bg5 Bg7 4. Nd2 d5 5. e3 Nbd7 6. f4 c5 7. Ngf3 Qb6 8. Rb1 a5 9. Bd3 0-0 10. 0-0 a4 11. a3 Qc7 12. Ne5 Ne8 13. Bh4 Nxe5 14. fxe5 f6 15. Bg3 fxe5 16. Rxf8+ Kxf8 17. Qf3+ Kg8 18. Qxd5+ e6 19. Qxc5 Qxc5 20. dxc5 Ra5 21. Ne4 Bd7 22. Bc4 Nc7 23. Rd1 Bc6 24. Rd8+ Bf8 25. Bxe5 Bxe4 26. Bxc7 Rxc5 27. Rxf8+ 1-0

[Event "Titled Tuesday intern op 15th Aug Early"]
[Site "Chess.com INT"]
[Date "2023.08.15"]
[Round "5"]
[White "Guzman Lozano, Campo Elias"]
[Black "Schulze, Ulrich"]
[Result "0-1"]
[WhiteElo "1924"]
[BlackElo "2308"]
[PlyCount "118"]
[EventDate "2023.08.15"]
[EventType "swiss (blitz)"]
[EventRounds "11"]
[EventCountry "USA"]
[SourceTitle "EXT 2024"]
[Source "ChessBase"]
[SourceDate "2023.10.10"]
[SourceVersion "1"]
[SourceVersionDate "2023.10.10"]
[SourceQuality "1"]

1. d4 Nf6 2. Bg5 d5 3. Nd2 Bf5 4. c3 Nbd7 5. Ngf3 e6 6. Nh4 h6 7. Nxf5 hxg5 8. Ne3 c5 9. Nc2 Qb6 10. Rb1 cxd4 11. Nxd4 g4 12. e3 Rc8 13. Be2 g3 14. fxg3 Bd6 15. 0-0 Nc5 16. Rf3 Ke7 17. Qf1 Rh6 18. h3 Rch8 19. b4 Nce4 20. Nxe4 dxe4 21. Rf4 Bxf4 22. Qxf4 Rc8 23. c4 Qc7 24. Qxc7+ Rxc7 25. Nb5 Rc6 26. Nxa7 Ra6 27. Nb5 Rxa2 28. Kf1 Rh8 29. Nc3 Rc2 30. Na4 Ra8 31. Ra1 Rb2 32. Nxb2 Rxa1+ 33. Kf2 Rb1 34. Na4 Rxb4 35. Nc5 b6 36. Na6 Rb2 37. c5 bxc5 38. Nxc5 Rc2 39. Nb3 Nd7 40. Nd4 Rb2 41. Ke1 Ne5 42. g4 g5 43. Kf1 Nd3 44. g3 Rb1+ 45. Kg2 Re1 46. Bf1 Rxe3 47. h4 f6 48. h5 Re1 49. h6 Ne5 50. h7 Ng6 51. Nc2 Rc1 52. Nb4 f5 53. gxf5 exf5 54. Na6 Kf6 55. Nb4 Kg7 56. Nd5 Kxh7 57. Ne7 f4 58. Nf5 Rc2+ 59. Kg1 f3 0-1

[Event "Titled Tuesday intern op 15th Aug Early"]
[Site "Chess.com INT"]
[Date "2023.08.15"]
[Round "7"]
[White "Schulze, Ulrich"]
[Black "Eynullayev, Altay Elshan"]
[Result "0-1"]
[WhiteElo "2308"]
[BlackElo "2214"]
[PlyCount "92"]
[EventDate "2023.08.15"]
[EventType "swiss (blitz)"]
[EventRounds "11"]
[EventCountry "USA"]
[SourceTitle "EXT 2024"]
[Source "ChessBase"]
[SourceDate "2023.10.10"]
[SourceVersion "1"]
[SourceVersionDate "2023.10.10"]
[SourceQuality "1"]

1. d4 Nf6 2. Nf3 e6 3. c4 d5 4. g3 Bb4+ 5. Bd2 Be7 6. Bg2 0-0 7. 0-0 Nbd7 8. Qc2 c6 9. Bf4 b6 10. Rd1 Ba6 11. Ne5 Rc8 12. Qa4 Nb8 13. cxd5 Nxd5 14. Nc3 Nxf4 15. gxf4 Bd6 16. e3 b5 17. Qc2 f5 18. a3 Rf6 19. Qe2 Rh6 20. Qf3 Rc7 21. b4 Bb7 22. Qg3 Nd7 23. Rac1 Nf6 24. h3 Nh5 25. Qg5 Be7 26. Qxh6 gxh6 27. Rc2 Nf6 28. Rdc1 Bd6 29. Nd3 Nd5 30. Ne2 Rg7 31. Ng3 Qe8 32. Kh2 h5 33. Ne5 Bxe5 34. dxe5 h4 35. Ne2 c5 36. Rxc5 Rxg2+ 37. Kxg2 Nxf4+ 38. Kh2 Nd3 39. Rc7 Nxc1 40. Nxc1 Bf3 41. Nd3 Qd8 42. Rc3 Be4 43. Nf4 Qd2 44. Rc8+ Kf7 45. Rc7+ Ke8 46. Re7+ Kxe7 0-1

[Event "Titled Tuesday intern op 01st Aug Early"]
[Site "Chess.com INT"]
[Date "2023.08.01"]
[Round "5"]
[White "Schulze, Ulrich"]
[Black "Womacka, Mathias"]
[Result "1/2-1/2"]
[WhiteElo "2308"]
[BlackElo "2371"]
[PlyCount "37"]
[EventDate "2023.08.01"]
[EventType "swiss (blitz)"]
[EventRounds "11"]
[EventCountry "USA"]
[SourceTitle "EXT 2024"]
[Source "ChessBase"]
[SourceDate "2023.10.10"]
[SourceVersion "1"]
[SourceVersionDate "2023.10.10"]
[SourceQuality "1"]

1. d4 Nf6 2. Nf3 e6 3. c4 Bb4+ 4. Nbd2 0-0 5. a3 Be7 6. e4 d5 7. e5 Nfd7 8. cxd5 exd5 9. Bd3 c5 10. 0-0 Nc6 11. Qc2 h6 12. Re1 a5 13. b3 cxd4 14. Bb2 Nc5 15. Nxd4 Nxd4 16. Bxd4 Nxd3 17. Qxd3 Be6 18. Rec1 Qd7 19. Bc5 1/2-1/2

[Event "DSOL 03 Liga Final 1st"]
[Site "Playchess.com INT"]
[Date "2020.08.25"]
[Round "1.4"]
[White "Heckmann, Torsten"]
[Black "Schulze, Ulrich"]
[Result "0-1"]
[WhiteElo "1725"]
[BlackElo "2271"]
[PlyCount "92"]
[EventDate "2020.06.22"]
[EventType "team-k.o. (rapid)"]
[EventCountry "GER"]
[SourceTitle "EXT 2021"]
[Source "ChessBase"]
[SourceDate "2020.10.23"]
[SourceVersion "1"]
[SourceVersionDate "2020.10.23"]
[SourceQuality "1"]
[WhiteTeam "Kassel Caissa"]
[BlackTeam "Bad Wimpfen"]
[WhiteTeamCountry "GER"]
[BlackTeamCountry "GER"]

1. e4 Nf6 2. e5 Nd5 3. d4 d6 4. c4 Nb6 5. exd6 cxd6 6. Nc3 g6 7. Be3 Bg7 8. Nf3 0-0 9. Rc1 Bg4 10. Be2 Nc6 11. b3 d5 12. cxd5 Nxd5 13. Nxd5 Qxd5 14. 0-0 Rfd8 15. Rc5 Qd6 16. d5 Nb4 17. h3 Bxf3 18. Bxf3 b6 19. Rc4 Nxd5 20. Bf4 Nxf4 21. Qxd6 exd6 22. Rxf4 Rac8 23. Bd5 Rd7 24. Bc4 d5 25. Rd1 Rcd8 26. Bb5 Re7 27. Rf3 h5 28. Kf1 Be5 29. Re3 Bf6 30. Rf3 Kg7 31. Be2 Be5 32. Rfd3 d4 33. Rc1 f5 34. g3 Rc7 35. Rxc7+ Bxc7 36. f4 h4 37. g4 fxg4 38. Bxg4 Bxf4 39. Ke2 Kf6 40. Kf3 Ke5 41. b4 Rf8 42. Ke2 Be3 43. Ra3 Ke4 44. b5 d3+ 45. Ke1 d2+ 46. Kd1 Rf1+ 0-1

[Event "Muenster op 36th"]
[Site "Muenster"]
[Date "2018.10.14"]
[Round "4"]
[White "Schulze, Ulrich"]
[Black "Gutkin, Ilya"]
[Result "1-0"]
[WhiteElo "2314"]
[BlackElo "2039"]
[PlyCount "85"]
[EventDate "2018.10.12"]
[EventType "swiss"]
[EventRounds "9"]
[EventCountry "GER"]
[SourceTitle "CBM 187 Extra"]
[Source "ChessBase"]
[SourceDate "2018.11.04"]
[SourceVersion "1"]
[SourceVersionDate "2018.11.04"]
[SourceQuality "1"]

1. d4 e6 2. Nf3 f5 3. c4 Nf6 4. Nc3 d5 5. Bf4 c6 6. e3 Bd6 7. Bd3 0-0 8. Qc2 Ne4 9. 0-0 b6 10. Ne2 Bb7 11. Rfd1 Qe7 12. a3 Nd7 13. b4 c5 14. Bxd6 Qxd6 15. dxc5 bxc5 16. cxd5 exd5 17. bxc5 Ndxc5 18. Bc4 Qf6 19. Bb5 Rac8 20. Qa2 a6 21. Bd3 Nxd3 22. Rxd3 Rc2 23. Qxc2 Qxa1+ 24. Qd1 Qa2 25. Nfd4 a5 26. Qb3 Qxb3 27. Rxb3 Ba6 28. f3 Nd2 29. Rc3 Nc4 30. Nf4 Bb7 31. Rb3 Ba8 32. Nfe6 a4 33. Rb4 Rc8 34. Nxf5 Kf7 35. Nfd4 Nxa3 36. Rxa4 Nc2 37. Ra7+ Kf6 38. Nxc2 Rxc2 39. Nxg7 Bc6 40. Nh5+ Kg5 41. Nf4 Rc3 42. Rc7 Rc4 43. Rxh7 1-0

[Event "Muenster op 36th"]
[Site "Muenster"]
[Date "2018.10.13"]
[Round "2"]
[White "Schulze, Ulrich"]
[Black "Bosselmann, Tom Linus"]
[Result "1-0"]
[WhiteElo "2314"]
[BlackElo "2047"]
[PlyCount "57"]
[EventDate "2018.10.12"]
[EventType "swiss"]
[EventRounds "9"]
[EventCountry "GER"]
[SourceTitle "CBM 187 Extra"]
[Source "ChessBase"]
[SourceDate "2018.11.04"]
[SourceVersion "1"]
[SourceVersionDate "2018.11.04"]
[SourceQuality "1"]

1. Nf3 Nf6 2. g3 g6 3. Bg2 Bg7 4. c4 0-0 5. 0-0 d6 6. Nc3 Nbd7 7. d3 e5 8. Rb1 Ne8 9. b4 f5 10. Qb3 c6 11. c5+ Kh8 12. Ng5 Qe7 13. cxd6 Nxd6 14. Ne6 Rf6 15. Nxg7 Kxg7 16. Bg5 Nb6 17. a4 Be6 18. Qb2 Nd7 19. e3 Rc8 20. Ne2 h6 21. Bxf6+ Qxf6 22. f4 Bf7 23. e4 b6 24. d4 Nc4 25. dxe5 Qe7 26. Qc3 Be6 27. exf5 gxf5 28. Nd4 Qf7 29. Rbd1 1-0

[Event "WchT Seniors 65"]
[Site "Dresden"]
[Date "2018.07.08"]
[Round "2.3"]
[White "Van de Wynkele, Herman"]
[Black "Schulze, Ulrich"]
[Result "1/2-1/2"]
[WhiteElo "2084"]
[BlackElo "2313"]
[PlyCount "33"]
[EventDate "2018.07.07"]
[EventType "team-swiss"]
[EventRounds "9"]
[EventCountry "GER"]
[SourceTitle "CBM 185 Extra"]
[Source "ChessBase"]
[SourceDate "2018.07.29"]
[SourceVersion "1"]
[SourceVersionDate "2018.07.29"]
[SourceQuality "1"]
[WhiteTeam "Belgium"]
[BlackTeam "Germany"]
[WhiteTeamCountry "BEL"]
[BlackTeamCountry "GER"]

1. e4 c6 2. d4 d5 3. e5 c5 4. dxc5 Nc6 5. Bb5 e6 6. Be3 Nge7 7. c3 Bd7 8. Bxc6 Bxc6 9. Bd4 Nf5 10. Ne2 Nxd4 11. cxd4 b6 12. cxb6 Qxb6 13. Qd2 Rb8 14. Nbc3 Qxb2 15. Qxb2 Rxb2 16. 0-0 Ba3 17. Rab1 1/2-1/2

[Event "Oberliga Wuerttemberg 1718"]
[Site "Wuerttemberg"]
[Date "2018.03.18"]
[Round "8"]
[White "Holzhaeuer, Mathias"]
[Black "Schulze, Ulrich"]
[Result "1/2-1/2"]
[WhiteElo "2283"]
[BlackElo "2308"]
[PlyCount "77"]
[EventDate "2017.09.17"]
[EventType "team-tourn"]
[EventRounds "9"]
[EventCountry "GER"]
[SourceTitle "EXT 2019"]
[Source "ChessBase"]
[SourceDate "2018.10.10"]
[SourceVersion "1"]
[SourceVersionDate "2018.10.10"]
[SourceQuality "1"]
[WhiteTeam "Schmiden Cannstatt"]
[BlackTeam "Heilbronn"]
[WhiteTeamCountry "GER"]
[BlackTeamCountry "GER"]

1. e4 c5 2. Nc3 g6 3. f4 Bg7 4. Nf3 Nc6 5. Bb5 Nd4 6. 0-0 a6 7. Bc4 b5 8. Bd5 Rb8 9. e5 e6 10. Be4 d5 11. exd6 Qxd6 12. Nxd4 cxd4 13. Ne2 f5 14. Bf3 d3 15. cxd3 Ne7 16. d4 Bb7 17. Kh1 Bxf3 18. Rxf3 0-0 19. b3 Nd5 20. Bb2 Rbc8 21. Rc1 Rfd8 22. h3 Rc7 23. Rxc7 Qxc7 24. Rf1 Rc8 25. Qe1 Kf7 26. Qh4 Qe7 27. Qxe7+ Kxe7 28. Nc3 Kd6 29. Ba3+ b4 30. Nxd5 Kxd5 31. Bxb4 Bxd4 32. Rf3 Rc2 33. a4 e5 34. fxe5 Rc1+ 35. Kh2 Bxe5+ 36. g3 Bd4 37. Bc3 Bxc3 38. Rxc3 Rd1 39. Rd3+ 1/2-1/2

[Event "Bad Woerishofen op 33rd"]
[Site "Bad Woerishofen"]
[Date "2017.03.15"]
[Round "6"]
[White "Herbold, Manfred"]
[Black "Schulze, Ulrich"]
[Result "0-1"]
[WhiteElo "2187"]
[BlackElo "2305"]
[PlyCount "54"]
[EventDate "2017.03.10"]
[EventType "swiss"]
[EventRounds "9"]
[EventCountry "GER"]
[SourceTitle "EXT 2018"]
[Source "ChessBase"]
[SourceDate "2017.10.13"]
[SourceVersion "1"]
[SourceVersionDate "2017.10.13"]
[SourceQuality "1"]

1. e4 c6 2. d4 d5 3. exd5 cxd5 4. Bd3 Nc6 5. c3 Nf6 6. Bf4 g6 7. h3 Bg7 8. Nf3 Nh5 9. Be3 Qc7 10. Qd2 0-0 11. a4 Nf6 12. Bf4 Qb6 13. Na3 Ne4 14. Bxe4 dxe4 15. Ne5 Nxe5 16. dxe5 Be6 17. 0-0 Rad8 18. Qe2 Rd3 19. Be3 Qa6 20. Nc2 Qc4 21. b3 Qxc3 22. Rac1 Qxe5 23. Nb4 Rd7 24. Bxa7 Qa5 25. Bc5 Bh6 26. Qxe4 Bxc1 27. Rxc1 Rc8 0-1

[Event "Bad Woerishofen op 33rd"]
[Site "Bad Woerishofen"]
[Date "2017.03.10"]
[Round "1"]
[White "Schulze, Ulrich"]
[Black "Kretschel, Klaus"]
[Result "1-0"]
[WhiteElo "2305"]
[BlackElo "2026"]
[PlyCount "49"]
[EventDate "2017.03.10"]
[EventType "swiss"]
[EventRounds "9"]
[EventCountry "GER"]
[SourceTitle "EXT 2018"]
[Source "ChessBase"]
[SourceDate "2017.10.13"]
[SourceVersion "1"]
[SourceVersionDate "2017.10.13"]
[SourceQuality "1"]

1. d4 f5 2. Nf3 Nf6 3. c4 g6 4. g3 Bg7 5. Bg2 d6 6. Nc3 0-0 7. 0-0 Nc6 8. d5 Ne5 9. Nxe5 dxe5 10. Qb3 e6 11. Rd1 Qe7 12. Bd2 Re8 13. e4 exd5 14. cxd5 Kh8 15. Rac1 Rb8 16. Nb5 c6 17. Bb4 cxb5 18. Bxe7 Rxe7 19. Qa3 Re8 20. Qxa7 Bd7 21. exf5 gxf5 22. Rc7 Ra8 23. Qxb7 Reb8 24. Rxd7 Rxb7 25. Rxb7 1-0

[Event "Oberliga Wuerttemberg 1617"]
[Site "Wuerttemberg"]
[Date "2016.11.13"]
[Round "4.1"]
[White "Braun, Georg"]
[Black "Schulze, Ulrich"]
[Result "0-1"]
[WhiteElo "2237"]
[BlackElo "2301"]
[PlyCount "140"]
[EventDate "2016.09.25"]
[EventType "team-tourn"]
[EventRounds "11"]
[EventCountry "GER"]
[SourceTitle "EXT 2019"]
[Source "ChessBase"]
[SourceDate "2018.10.10"]
[SourceVersion "1"]
[SourceVersionDate "2018.10.10"]
[SourceQuality "1"]
[WhiteTeam "Bebenhausen"]
[BlackTeam "Heilbronn"]
[WhiteTeamCountry "GER"]
[BlackTeamCountry "GER"]

1. e4 c6 2. d4 d5 3. Nc3 dxe4 4. Nxe4 Bf5 5. Ng3 Bg6 6. h4 h6 7. Nf3 Nd7 8. h5 Bh7 9. Bd3 Bxd3 10. Qxd3 e6 11. Bd2 Ngf6 12. 0-0-0 Qc7 13. Kb1 0-0-0 14. c4 c5 15. Bc3 cxd4 16. Bxd4 Bc5 17. Qe2 a6 18. Bc3 Rhe8 19. Rd2 Qb6 20. Rhd1 Bb4 21. Bxb4 Qxb4 22. Ne4 Nxe4 23. Qxe4 Nf6 24. Qf4 Rxd2 25. Rxd2 e5 26. Qf5+ Kb8 27. Rc2 e4 28. Qf4+ Ka8 29. c5 Rc8 30. Qf5 Rd8 31. a3 Qa5 32. Ne5 Qc7 33. Nc4 Ka7 34. Nb6 Qc6 35. a4 Nd5 36. Qxf7 Nb4 37. Rc1 Nd3 38. Rc3 Nxc5 39. a5 e3 40. fxe3 Qe4+ 41. Ka2 Qb4 42. Nc4 Rd7 43. Qf5 Rd3 44. Qf4 Rxc3 45. bxc3 Qb3+ 46. Ka1 Qxc3+ 47. Kb1 Qb3+ 48. Nb2 Qc3 49. Qc7 Qe1+ 50. Ka2 Qb4 51. Qxg7 Qxa5+ 52. Kb1 Qe1+ 53. Ka2 Qxe3 54. g4 Qe6+ 55. Kb1 Ne4 56. Qd4+ b6 57. Qg7+ Kb8 58. Qf8+ Kc7 59. Qa8 a5 60. Qa7+ Kd8 61. Kc2 Ke8 62. Qb7 Nc5 63. Qc7 a4 64. Qb8+ Kd7 65. Qa7+ Kc6 66. Qa8+ Kb5 67. Nxa4 Nxa4 68. Qh8 Nc5 69. Qg7 Ne4 70. Kd3 Nf2+ 0-1

[Event "GER-chT Seniors 25th"]
[Site "Magdeburg"]
[Date "2016.10.14"]
[Round "6.9"]
[White "Schulze, Ulrich"]
[Black "Giesen, Dieter"]
[Result "1/2-1/2"]
[WhiteElo "2299"]
[BlackElo "2219"]
[PlyCount "56"]
[EventDate "2016.10.09"]
[EventType "team-swiss"]
[EventRounds "7"]
[EventCountry "GER"]
[SourceTitle "EXT 2019"]
[Source "ChessBase"]
[SourceDate "2018.10.10"]
[SourceVersion "1"]
[SourceVersionDate "2018.10.10"]
[SourceQuality "1"]
[WhiteTeam "Wuerttemberg"]
[BlackTeam "Rheinland Pfalz"]
[WhiteTeamCountry "GER"]
[BlackTeamCountry "GER"]

1. d4 d5 2. Nf3 c6 3. c4 Nf6 4. e3 Bf5 5. Nc3 e6 6. Nh4 Bg6 7. Qb3 Qb6 8. Nxg6 hxg6 9. Bd2 Nbd7 10. Be2 Be7 11. 0-0-0 Qxb3 12. axb3 a6 13. Kc2 Rc8 14. c5 Bd8 15. f4 Ne4 16. Nxe4 dxe4 17. g4 Nf6 18. g5 Nd5 19. Rdg1 Ne7 20. h4 f5 21. gxf6 gxf6 22. h5 gxh5 23. Bxh5+ Kf8 24. Kd1 f5 25. Be2 Rxh1 26. Rxh1 Kg7 27. Bc4 Nd5 28. Ke2 Bf6 1/2-1/2

[Event "GER-chT Seniors 25th"]
[Site "Magdeburg"]
[Date "2016.10.09"]
[Round "1.17"]
[White "Hamm, Georg"]
[Black "Schulze, Ulrich"]
[Result "0-1"]
[WhiteElo "2123"]
[BlackElo "2299"]
[PlyCount "80"]
[EventDate "2016.10.09"]
[EventType "team-swiss"]
[EventRounds "7"]
[EventCountry "GER"]
[SourceTitle "EXT 2019"]
[Source "ChessBase"]
[SourceDate "2018.10.10"]
[SourceVersion "1"]
[SourceVersionDate "2018.10.10"]
[SourceQuality "1"]
[WhiteTeam "Sachsen Anhalt II"]
[BlackTeam "Wuerttemberg"]
[WhiteTeamCountry "GER"]
[BlackTeamCountry "GER"]

1. Nf3 Nf6 2. g3 g6 3. Bg2 Bg7 4. 0-0 0-0 5. d3 d5 6. Nbd2 c6 7. e4 Bg4 8. h3 Bxf3 9. Qxf3 Nbd7 10. Qe2 e5 11. b3 Re8 12. Bb2 Qb6 13. a4 a5 14. Rfe1 Rad8 15. Nf3 Nc5 16. Nd2 Na6 17. Nf1 Nb4 18. Ba3 Qc5 19. Rec1 Qc3 20. Bxb4 axb4 21. Qe1 Bh6 22. Qxc3 bxc3 23. Rd1 d4 24. Nh2 Nd7 25. Ng4 Bd2 26. Nh2 Ra8 27. Nf3 Bh6 28. Ne1 Nc5 29. Bf1 Na6 30. Be2 Nb4 31. Kf1 Bd2 32. Rab1 Bxe1 33. Kxe1 Nxc2+ 34. Kf1 b5 35. Rdc1 Nb4 36. Ra1 bxa4 37. bxa4 Ra5 38. Ke1 Rea8 39. f4 f6 40. fxe5 fxe5 0-1

[Event "Wuerttemberg-ch"]
[Site "Stuttgart"]
[Date "2016.09.02"]
[Round "7"]
[White "Schulze, Ulrich"]
[Black "Schmidt, Tobias"]
[Result "1/2-1/2"]
[WhiteElo "2301"]
[BlackElo "2194"]
[PlyCount "36"]
[EventDate "2016.08.27"]
[EventType "swiss"]
[EventRounds "9"]
[EventCountry "GER"]
[SourceTitle "CBM 174 Extra"]
[Source "ChessBase"]
[SourceDate "2016.10.10"]
[SourceVersion "1"]
[SourceVersionDate "2016.10.10"]
[SourceQuality "1"]

1. Nf3 d5 2. g3 Nf6 3. Bg2 e6 4. 0-0 Be7 5. d4 b5 6. b3 Bb7 7. c4 bxc4 8. bxc4 dxc4 9. Qa4+ Nfd7 10. Qxc4 c5 11. Ba3 Nb6 12. Qb5+ Bc6 13. Qd3 cxd4 14. Rd1 0-0 15. Qxd4 N8d7 16. Bxe7 Qxe7 17. Nc3 Rac8 18. Rac1 Rfd8 1/2-1/2

[Event "Wuerttemberg-ch"]
[Site "Stuttgart"]
[Date "2016.09.01"]
[Round "6"]
[White "Weigand, Bernhard"]
[Black "Schulze, Ulrich"]
[Result "1/2-1/2"]
[WhiteElo "2188"]
[BlackElo "2301"]
[PlyCount "31"]
[EventDate "2016.08.27"]
[EventType "swiss"]
[EventRounds "9"]
[EventCountry "GER"]
[SourceTitle "CBM 174 Extra"]
[Source "ChessBase"]
[SourceDate "2016.10.10"]
[SourceVersion "1"]
[SourceVersionDate "2016.10.10"]
[SourceQuality "1"]

1. e4 c6 2. d4 d5 3. e5 Bf5 4. c4 e6 5. Nc3 Ne7 6. Be3 dxc4 7. Bxc4 Nd7 8. Nge2 Nb6 9. Bb3 Ned5 10. 0-0 Be7 11. Ng3 Bg6 12. Qe2 h5 13. Nge4 Nxc3 14. Nxc3 h4 15. Rfd1 Bg5 16. Qd2 1/2-1/2

[Event "Wuerttemberg-ch"]
[Site "Stuttgart"]
[Date "2016.08.30"]
[Round "4"]
[White "Neyman, Igor"]
[Black "Schulze, Ulrich"]
[Result "1-0"]
[WhiteElo "2274"]
[BlackElo "2301"]
[PlyCount "79"]
[EventDate "2016.08.27"]
[EventType "swiss"]
[EventRounds "9"]
[EventCountry "GER"]
[SourceTitle "CBM 174 Extra"]
[Source "ChessBase"]
[SourceDate "2016.10.10"]
[SourceVersion "1"]
[SourceVersionDate "2016.10.10"]
[SourceQuality "1"]

1. d4 Nf6 2. c4 g6 3. f3 c5 4. d5 d6 5. e4 Bg7 6. Nc3 0-0 7. Nge2 e6 8. Bg5 exd5 9. cxd5 h6 10. Be3 a6 11. a4 Re8 12. Qd2 Kh7 13. Ng3 Nbd7 14. Be2 Rb8 15. 0-0 Re7 16. Rab1 Qa5 17. Rfd1 Ne5 18. b4 cxb4 19. Na2 Qxa4 20. Rxb4 Qa3 21. Bb6 Ra8 22. Rdb1 a5 23. R4b3 Qa4 24. Bb5 Nc4 25. Qe2 Qxb3 26. Rxb3 Nxb6 27. Qd2 Nbd7 28. Ra3 b6 29. Ne2 Nc5 30. Qf4 Re5 31. Nac3 Bb7 32. Qd2 Rc8 33. Nd4 Nxd5 34. exd5 Bxd5 35. Nde2 Nb3 36. Qd1 Be6 37. Rxb3 Re3 38. Nd5 Rxb3 39. Qxb3 Rc5 40. Nef4 1-0

[Event "Wuerttemberg-ch"]
[Site "Stuttgart"]
[Date "2016.08.28"]
[Round "2"]
[White "Schulze, Ulrich"]
[Black "Tschlatscher, Thomas"]
[Result "1-0"]
[WhiteElo "2301"]
[BlackElo "2092"]
[PlyCount "59"]
[EventDate "2016.08.27"]
[EventType "swiss"]
[EventRounds "9"]
[EventCountry "GER"]
[SourceTitle "CBM 174 Extra"]
[Source "ChessBase"]
[SourceDate "2016.10.10"]
[SourceVersion "1"]
[SourceVersionDate "2016.10.10"]
[SourceQuality "1"]

1. d4 Nf6 2. Nf3 e6 3. c4 d5 4. g3 Be7 5. Bg2 0-0 6. 0-0 dxc4 7. Ne5 Nc6 8. Bxc6 bxc6 9. Nxc6 Qe8 10. Qa4 Bd6 11. Qxc4 Bb7 12. Ne5 c5 13. Nc3 Rc8 14. Bg5 cxd4 15. Qxd4 Bxe5 16. Qxe5 Qc6 17. f3 Nd7 18. Qa5 f6 19. Be3 a6 20. Rac1 Qc7 21. Qxc7 Rxc7 22. Ne4 Rxc1 23. Rxc1 Bxe4 24. fxe4 Rb8 25. Rc7 Ne5 26. Bd4 Rb4 27. Bxe5 fxe5 28. b3 Rxe4 29. Kf2 Rb4 30. Ra7 1-0